| 000 | 00422nam a2200157 a 4500 | ||
|---|---|---|---|
| 005 | 20140310183205.0 | ||
| 008 | 030423s19uu xx 00 eng d | ||
| 050 |
_aPZ 7 _b.H31496 1964 |
||
| 100 | _aHaywood, Carolyn | ||
| 245 |
_aEddie's pay dirt / _cCarolyn Haywood. |
||
| 260 |
_aNew York : _bScholastic Book services, _c1964. |
||
| 300 |
_a94 p. : _c20 cm. |
||
| 650 | _aFiction | ||
| 942 |
_cBK _2lcc |
||
| 999 |
_c19966 _d19966 |
||